RICS United Arab Emirates Group Extraordinary General Meeting (Record no. 102832)

MARC details
000 -LEADER
fixed length control field 00829cam a2200253 4500
001 - CONTROL NUMBER
control field J122350.
008 - FIXED-LENGTH DATA ELEMENTS--GENERAL INFORMATION
fixed length control field 030521n2003 000 0 eng u
035 ## - SYSTEM CONTROL NUMBER
System control number (Sirsi) u122350
041 ## - LANGUAGE CODE
Language code of text/sound track or separate title eng
050 ## - LIBRARY OF CONGRESS CALL NUMBER
Classification number 333.33025
100 ## - MAIN ENTRY--PERSONAL NAME
Personal name Alcon, Daniel
245 ## - TITLE STATEMENT
Title RICS United Arab Emirates Group Extraordinary General Meeting
260 ## - PUBLICATION, DISTRIBUTION, ETC.
Place of publication, distribution, etc. Abu Dhabi
Name of publisher, distributor, etc. RICS
Date of publication, distribution, etc. 2003
520 ## - SUMMARY, ETC.
Summary, etc. Minutes of the Extraordinary General Meeting of the RICS United Arab Emirates Group held in Abu Dhabi on 7 May 2003.
650 ## - SUBJECT ADDED ENTRY--TOPICAL TERM
Topical term or geographic name entry element ABU DHABI
650 ## - SUBJECT ADDED ENTRY--TOPICAL TERM
Topical term or geographic name entry element DUBAI
650 ## - SUBJECT ADDED ENTRY--TOPICAL TERM
Topical term or geographic name entry element RICS
650 ## - SUBJECT ADDED ENTRY--TOPICAL TERM
Topical term or geographic name entry element RICS UNITED ARAB EMIRATES GROUP
650 ## - SUBJECT ADDED ENTRY--TOPICAL TERM
Topical term or geographic name entry element RICS UNITED ARAB EMIRATES GROUP EGM
650 ## - SUBJECT ADDED ENTRY--TOPICAL TERM
Topical term or geographic name entry element UNITED ARAB EMIRATES
690 ## - LOCAL SUBJECT ADDED ENTRY--TOPICAL TERM (OCLC, RLIN)
Topical term or geographic name as entry element RICS NEWS
710 ## - ADDED ENTRY--CORPORATE NAME
Corporate name or jurisdiction name as entry element Royal Institution of Chartered Surveyors
Subordinate unit United Arab Emirates Group
9 (RLIN) 2781
942 ## - ADDED ENTRY ELEMENTS (KOHA)
Suppress in OPAC 0
Holdings
Withdrawn status Lost status Source of classification or shelving scheme Damaged status Not for loan Home library Current library Shelving location Date acquired Total Checkouts Full call number Barcode Date last seen Copy number Price effective from Koha item type
    Dewey Decimal Classification     Virtual Virtual Online 21/05/2003   ONLINE PUBLICATION 122350-1001 06/08/2019 1 06/08/2019 Book